000 00394nab a22001097u 4500
008 130520b2004 xxu||||| |||| 00| 0 eng d
041 _aeng
100 1 _aConway, Eamonn
_948287
245 0 0 _aSo as not to Despise God's Grace: Re-assessing Rahner's Idea of the "Anonymous Christian"
_cEamonn Conway
773 0 _tLouvain Studies
_gV.29, nº1-2,2004,págs. 107-130
_x0024-6964
_wRev258
942 _cAR
999 _c300372
_d300372